00747naa a2200217 a 450000100080000000500110000800800410001910000180006024501470007826000090022565300290023465300150026365300200027865300200029865300150031870000190033370000180035270000200037070000200039077301190041010729812010-10-15 2010 bl uuuu u00u1 u #d1 aDUARTE, F. D. aEfeito da inclus??o de diferentes fontes lip??dicas em dietas para frangos de corte sobre o desempenho, rendimento e composi????o da carca??a. c2010 aComposi????o de carca??a aDesempenho aFonte lip??dica aFrango de corte aRendimento1 aLARA, L. J. C.1 aBAI??O, N. C.1 aCAN??ADO, S. V.1 aTEIXEIRA, J. L. tArquivo Brasileiro de Medicina Veterin??ria e Zootecnia, Belo Horizonte, MGgv. 62, n. 2, P. 439-444, abril, 2010.